[Event "Regionalliga SO 0708"]
[Site "Bayern"]
[Date "2007.10.21"]
[Round "1.2"]
[White "Firlbeck, Hubert"]
[Black "Testor, Sebastian"]
[Result "0-1"]
[WhiteElo "1998"]
[BlackElo "2191"]
[PlyCount "60"]
[EventDate "2007.10.21"]
[EventType "team-tourn"]
[EventRounds "9"]
[EventCountry "GER"]
[SourceTitle "EXT 2009"]
[Source "ChessBase"]
[SourceDate "2008.11.26"]
[SourceVersion "1"]
[SourceVersionDate "2008.11.26"]
[SourceQuality "1"]
[WhiteTeam "Deggendorf"]
[BlackTeam "Passau II"]
[WhiteTeamCountry "GER"]
[BlackTeamCountry "GER"]

1. d4 e6 2. c4 Nf6 3. Nf3 b6 4. e3 Bb7 5. Bd3 Be7 6. Nc3 d5 7. cxd5 exd5 8. 0-0 0-0 9. Ne5 Nbd7 10. f4 Ne4 11. Bd2 c5 12. Rc1 a6 13. a4 Qe8 14. Bb1 f6 15. Nxd7 Qxd7 16. a5 cxd4 17. exd4 b5 18. Na2 Rfc8 19. Qe2 f5 20. Nb4 Rc4 21. Rxc4 dxc4 22. Rd1 Rd8 23. Bc3 Nxc3 24. bxc3 Bxb4 25. cxb4 Re8 26. Qh5 Be4 27. d5 g6 28. Qg5 Bxb1 29. Rxb1 Qxd5 30. Qf6 Re2 0-1

[Event "Niederbayernliga 0607"]
[Site "Germany"]
[Date "2007.??.??"]
[Round "7.1"]
[White "Firlbeck, Hubert"]
[Black "Riemelmoser, Franz"]
[Result "0-1"]
[WhiteElo "1983"]
[BlackElo "2258"]
[PlyCount "128"]
[EventDate "2006.??.??"]
[EventType "team-tourn"]
[EventRounds "9"]
[EventCountry "GER"]
[SourceTitle "EXT 2008"]
[Source "ChessBase"]
[SourceDate "2007.11.25"]
[SourceVersion "1"]
[SourceVersionDate "2007.11.25"]
[SourceQuality "1"]
[WhiteTeam "Deggendorf"]
[BlackTeam "Simbach"]
[WhiteTeamCountry "GER"]
[BlackTeamCountry "GER"]

1. e4 e6 2. d4 d5 3. e5 c5 4. c3 Ne7 5. Be3 Nf5 6. Nf3 Qb6 7. Qd2 Bd7 8. dxc5 Bxc5 9. Bxc5 Qxc5 10. b4 Qb6 11. a4 Nc6 12. Bd3 Nh6 13. 0-0 0-0 14. Na3 f6 15. Rae1 Nxe5 16. Nxe5 fxe5 17. Rxe5 Bxa4 18. c4 a5 19. b5 Bb3 20. Qe2 Rf6 21. Kh1 Raf8 22. f3 Qd6 23. Qb2 a4 24. Rfe1 b6 25. cxd5 exd5 26. Nc2 Nf7 27. Re7 Rh6 28. h3 Qf6 29. Qxf6 Rxf6 30. Nd4 Ng5 31. Nxb3 axb3 32. Rb1 Re6 33. Rxe6 Nxe6 34. Rxb3 Nc5 35. Ra3 Nxd3 36. Rxd3 Rd8 37. Kg1 Kf7 38. Rd4 Ke6 39. Kf2 Kd6 40. Rb4 Kc5 41. Rg4 Rd7 42. Ke3 Kxb5 43. Kd4 Kb4 44. f4 b5 45. Rg3 Ka4 46. Kc5 d4 47. Rd3 b4 48. Kc6 Rd8 49. Kc7 Re8 50. Rxd4 Re2 51. g4 Rh2 52. Kb6 Rxh3 53. f5 Rc3 54. Re4 h6 55. Rd4 Rc8 56. Kb7 Rf8 57. Kb6 h5 58. Kc5 Rc8+ 59. Kb6 hxg4 60. Rxg4 Rf8 61. Rf4 Ka3 62. Kb5 Rb8+ 63. Kc4 b3 64. f6 Rb4+ 0-1

[Event "Niederbayernliga 0607"]
[Site "Germany"]
[Date "2007.??.??"]
[Round "6.1"]
[White "Schubert, Werner"]
[Black "Firlbeck, Hubert"]
[Result "0-1"]
[WhiteElo "1999"]
[BlackElo "1983"]
[PlyCount "62"]
[EventDate "2006.??.??"]
[EventType "team-tourn"]
[EventRounds "9"]
[EventCountry "GER"]
[SourceTitle "EXT 2008"]
[Source "ChessBase"]
[SourceDate "2007.11.25"]
[SourceVersion "1"]
[SourceVersionDate "2007.11.25"]
[SourceQuality "1"]
[WhiteTeam "Geiselhoering"]
[BlackTeam "Deggendorf"]
[WhiteTeamCountry "GER"]
[BlackTeamCountry "GER"]

1. c4 Nf6 2. Nc3 c5 3. g3 e6 4. Bg2 d5 5. d3 d4 6. Ne4 Nxe4 7. Bxe4 Bd6 8. e3 Qc7 9. exd4 cxd4 10. Bd2 a5 11. a3 a4 12. Rc1 Nd7 13. Bb4 Bc5 14. Qd2 0-0 15. Nh3 e5 16. f4 Nf6 17. Nf2 Nxe4 18. Nxe4 b6 19. fxe5 Bb7 20. Qf4 Rae8 21. 0-0 Rxe5 22. g4 Qe7 23. Ng3 Qe6 24. Rce1 Rxe1 25. Rxe1 Qc6 26. Re2 Qg6 27. Bxc5 bxc5 28. Nf5 Kh8 29. Nd6 Bc6 30. Qf5 Qxd6 31. Re5 Re8 0-1

[Event "Deggendorf op"]
[Site "Deggendorf"]
[Date "2006.06.17"]
[Round "5"]
[White "Firlbeck, Hubert"]
[Black "Bacholke, Michael"]
[Result "1/2-1/2"]
[WhiteElo "1973"]
[BlackElo "1861"]
[PlyCount "32"]
[EventDate "2006.06.15"]
[EventType "swiss"]
[EventRounds "7"]
[EventCountry "GER"]
[SourceTitle "EXT 2008"]
[Source "ChessBase"]
[SourceDate "2007.11.25"]
[SourceVersion "1"]
[SourceVersionDate "2007.11.25"]
[SourceQuality "1"]

1. Nf3 d6 2. d4 Bg4 3. c4 Nd7 4. Nc3 Ngf6 5. e4 c6 6. Be2 e5 7. Be3 Be7 8. 0-0 0-0 9. h3 Bxf3 10. Bxf3 h6 11. Qc2 Nh7 12. Bg4 Bg5 13. f4 exf4 14. Bxf4 Ndf6 15. Bxg5 Nxg5 16. Bf3 Qb6 1/2-1/2

[Event "Deggendorf op"]
[Site "Deggendorf"]
[Date "2006.06.17"]
[Round "6"]
[White "Knechtel, Roland"]
[Black "Firlbeck, Hubert"]
[Result "1-0"]
[WhiteElo "2155"]
[BlackElo "1973"]
[PlyCount "73"]
[EventDate "2006.06.15"]
[EventType "swiss"]
[EventRounds "7"]
[EventCountry "GER"]
[SourceTitle "EXT 2008"]
[Source "ChessBase"]
[SourceDate "2007.11.25"]
[SourceVersion "1"]
[SourceVersionDate "2007.11.25"]
[SourceQuality "1"]

1. c4 Nf6 2. g3 c5 3. Bg2 e6 4. Nc3 d5 5. cxd5 exd5 6. d3 Be7 7. Nf3 0-0 8. d4 h6 9. 0-0 Nc6 10. Be3 Ng4 11. Bf4 Be6 12. h3 Nf6 13. Be3 b6 14. Qa4 Qd7 15. Kh2 Rfd8 16. Rfd1 a6 17. Ne5 Nxe5 18. dxe5 Qxa4 19. Nxa4 Ne4 20. Nxb6 Rab8 21. Na4 Rb4 22. b3 d4 23. Bf4 Bf5 24. g4 Bh7 25. f3 Bg5 26. Bxg5 Nxg5 27. Nxc5 Rb5 28. Rac1 a5 29. f4 Ne6 30. Nxe6 fxe6 31. Rc4 Rb4 32. Kg3 d3 33. Rxb4 axb4 34. Rd2 Kf7 35. e4 Rd4 36. Kf2 Bxe4 37. Ke3 1-0

[Event "Deggendorf op"]
[Site "Deggendorf"]
[Date "2006.06.16"]
[Round "3"]
[White "Firlbeck, Hubert"]
[Black "Spacek, Petr"]
[Result "0-1"]
[WhiteElo "1973"]
[BlackElo "2394"]
[PlyCount "48"]
[EventDate "2006.06.15"]
[EventType "swiss"]
[EventRounds "7"]
[EventCountry "GER"]
[SourceTitle "EXT 2008"]
[Source "ChessBase"]
[SourceDate "2007.11.25"]
[SourceVersion "1"]
[SourceVersionDate "2007.11.25"]
[SourceQuality "1"]

1. e4 d6 2. d4 Nf6 3. Nc3 c6 4. a4 Nbd7 5. Nf3 e5 6. Bc4 Be7 7. 0-0 0-0 8. Re1 a5 9. d5 Nb6 10. Bb3 cxd5 11. Nxd5 Nbxd5 12. Bxd5 Nxd5 13. Qxd5 Qc7 14. Qd3 Be6 15. b3 f5 16. c4 f4 17. Ba3 Rad8 18. Nd2 Rf6 19. Rad1 Bf8 20. Bb2 Rh6 21. Nb1 Rd7 22. Nc3 Qd8 23. Re2 Rf7 24. Qf3 Qg5 0-1